000
00206nam a2200085Ia 4500
008
120527s9999 xx 000 0 und d
100
_a
Levitt, Jacob
245
_a
Introduction to plant psychology
942
_c
BK
999
_c
27649
_d
27649